000 00511nam a2200157 i 4500
001 29137
003 ES-MaACL
005 20230906153959.0
007 t|
008 030121s1854 fr ||||1| fre d
100 1 _aBarchou de Penhoën, Auguste-Théodore-Hilaire
_cBaron.
_925537
245 1 0 _aEssai d'une philosophie de l'histoire /
_cpar le Baron Auguste-Théodore-Hilaire Barchou de Penhoën.
260 _aParis :
_bGuiraudet et Jouanst,
_c1854.
300 _a2 v. ;
_c23 cm.
852 _aES-MaACL
_jG-8145-6
999 _c29137
_d29137